All Minecraft Stones - Statistics

General Stats
  • This quiz has been taken 42 times
  • The average score is 10 of 13
Answer Stats
Hint Answer % Correct
Overworld Stone
100%
Overworld Andesite
92%
Overworld Cobblestone
92%
End Endstone
92%
Overworld Diorite
89%
Overworld Granite
86%
Nether Netherrack
83%
Nether Blackstone
81%
Overworld Deepslate
78%
Nether Basalt
64%
Overworld Tuff
58%
Overworld Sandstone
25%
Overworld Dripstone
19%
No matching quizzes found
Score Distribution
Percent of People with Each Score
Percentile by Number Answered
Your Score History
You have not taken this quiz